| LEADER 00000nam 2200000uu 4500 |
| 008 121107s2012||||th 000 0 tha d |
| 020 ^a9781259011443
|
| 040 ^absc
|
| 041 0 ^aeng
|
| 060 04 ^aWL300^bM381n 2012
|
| 100 1 ^aMartin, John H.
|
| 245 10 ^aNeuroanatomy :^btext and atlas /^cJohn H. Martin ; medicalphotography by Howard J. Radzyner ; illustrated by MichaelE. Leonard
|
| 250 ^a4th ed
|
| 260 ^aNew York :^bMcGraw-Hill Medical,^cc2012
|
| 300 ^axvi, 544 p. :^bill. (some col.) ;^c28 cm.
|
| 504 ^aIncludes bibliographical references and index
|
| 650 2 ^aCentral Nervous System^xanatomy & histology
|
| 650 2 ^aCentral Nervous System^xanatomy & histology^vAtl
|
| 999 ^aใช้งานได้ทุกระบบ
|